000 01104nam a22002897a 4500
005 20140325113555.0
008 140325s2013 ck abdogr|||| 00| 0 spa d
020 _a9789588554310
041 _aspa
044 _ack
082 _a599.09861
_bF98a
110 2 _aFundación Omacha
_923100
245 1 0 _aArmadillos de los llanos orientales
_cFundación Omacha, Oleoductos de los Llanos Orientales, Corporinoquia, Cormacarena, Bioparque los Ocarros, Corpometa
260 3 _aBogotá
_bUnión Gráfica
_c2013
300 _a176 p.
_bil., fot., mapas, tablas, gráficas
_c30 cm
504 _a Incluye bibliografía (páginas 164 - 169)
650 4 _aArmadillos
_vEstudio
_xBiología
_zColombia
_923101
650 4 _aArmadillos
_xEcología
_zColombia
_923102
650 4 _aArmadillos
_xProtección
_zColombia
_923103
650 4 _aArmadillos
_vPrograma
_xConservación
_zColombia
_923104
710 2 _aOleoductos de los Llanos Orientales
_923105
710 2 _aCorporinoquia
_923106
710 2 _aCormacarena
_923107
710 2 _aBioparque los Ocarros
_923108
710 2 _aCorpometa
_923109
942 _2ddc
_cImpreso
999 _c8312
_d8312